| 000 | 01046na a2200241 4500 | ||
|---|---|---|---|
| 001 | 19706 | ||
| 003 | MIRAKIL | ||
| 005 | 20181213154926.0 | ||
| 008 | 161226b tu 000 0 | ||
| 020 | _a9754550263 | ||
| 040 |
_aMilas _btur _cTR-AnCHP |
||
| 041 |
_atur _aeng |
||
| 082 |
_a341.763 _bI46 1998 |
||
| 090 | _a341.763 I46 1998 | ||
| 245 |
_aILO Anayasası ve Türkiye Cumhuriyeti tarafından onaylanan ILO sözleşmeleri _b=ILO constitution and ILO conventions ratified by the Republic of Turkey _cHazırlayan Çalışma ve Sosyal Güvenlik Bakanlığı Araştırma Planlama ve Koordinasyon Kurulu Başkanlığı |
||
| 246 | _aILO constitution and ILO conventions ratified by the Republic of Turkey | ||
| 260 |
_aAnkara _bÇalışma ve Sosyal Güvenlik Bakanlığı _c1998 |
||
| 300 |
_ax, 466 s. _c25 sm. |
||
| 610 |
_aILO (Uluslararası Çalışma Örgütü) _xSözleşmeler _zTürkiye |
||
| 610 |
_aILO (Uluslararası Çalışma Örgütü) _xAnayasa |
||
| 710 | _aÇalışma ve Sosyal Güvenlik Bakanlığı | ||
| 942 |
_2ddc _cBKS |
||
| 999 |
_c3254 _d3254 |
||